Generazioni dei Pokémon - Quiz n°9 - Statistics

Statistiche generali
  • Questo quiz è stato fatto 3 volte
  • Il punteggio medio è 12 su 15
Statistiche sulle risposte
Hint Risposta % Corretto
Maushold Nona
100%
Vaporeon Prima
100%
Weedle Prima
100%
Porygon Prima
100%
Drifloon Quarta
100%
Darumaka Quinta
100%
Natu Seconda
100%
Tatsugiri Nona
67%
Urshifu Ottava
67%
Dugtrio Prima
67%
Carracosta Quinta
67%
Whimsicott Quinta
67%
Braixen Sesta
67%
Sirfetch'd Ottava
33%
Buzzwole Settima
33%
Nessun quiz corrispondente trovato
Distribuzione punteggi
Percentuale di utenti per punteggio
Percentile per numero di risposta
I tuoi punteggi nel tempo
Non hai fatto questo quiz